संसद की शान हम स्त्री शक्तियां/ (Record no. 214067)

MARC details
000 -LEADER
fixed length control field 00843nam a22001937a 4500
005 - DATE AND TIME OF LATEST TRANSACTION
control field 20260109162131.0
010 ## - LCCN (DPL NO)
LC control number HIN-130742
020 ## - INTERNATIONAL STANDARD BOOK NUMBER
Terms of availability 895.00
International Standard Book Number 9789393193834
035 ## - SYSTEM CONTROL NUMBER
System control number HN-103088
037 ## - SOURCE OF ACQUISITION
Source of stock number/acquisition DBAD
082 ## - DEWEY DECIMAL CLASSIFICATION NUMBER
Classification number 305.4
Edition number 1
100 ## - MAIN ENTRY--PERSONAL NAME
Personal name झरिया, दोयल बोस
245 ## - TITLE STATEMENT
Title संसद की शान हम स्त्री शक्तियां/
Statement of responsibility, etc दोयल बोस झरिया
250 ## - EDITION STATEMENT
Edition statement 1
260 ## - PUBLICATION, DISTRIBUTION, ETC. (IMPRINT)
Name of publisher, distributor, etc प्रभाकर प्रकाशन
Date of publication, distribution, etc 2023
Place of publication, distribution, etc दिल्ली
270 ## - ADDRESS
City दिल्ली
Address प्लाट न.-55, मेन मदर डेरी रोड, पांडव नगर ईस्ट
Postal code 110092
Telephone number 011-40395855
-- 8368220032
300 ## - PHYSICAL DESCRIPTION
Extent 304पृ.
Dimensions 22सेमी (सजिल्द)
942 ## - ADDED ENTRY ELEMENTS (KOHA)
Source of classification or shelving scheme Dewey Decimal Classification
Item type Hindi Books
Classification part 305.4
Call number suffix झारिया
Holdings
Withdrawn status Lost status Not for loan Collection code Home library Current library Date acquired Source of acquisition Cost, normal purchase price Full call number Barcode Copy number Cost, replacement price Koha item type
      Non-fiction Bawana Bawana 09/01/2026 Delivery of Books Act Division 895.00 305.4 झारिया HN-103088 1 895.00 Hindi Books

© Delhi Public Library
Hit Counter
free hit counter